Čo šepká zem : (Record no. 21177)
[ view plain ]
| 000 -LEADER | |
|---|---|
| fixed length control field | 00666nam a22002171 4500 |
| 001 - CONTROL NUMBER | |
| control field | 21177 |
| 003 - CONTROL NUMBER IDENTIFIER | |
| control field | CZ PrNK |
| 005 - DATE AND TIME OF LATEST TRANSACTION | |
| control field | 20260223154321.0 |
| 008 - FIXED-LENGTH DATA ELEMENTS--GENERAL INFORMATION | |
| fixed length control field | 020803s1976 xo slo |
| 040 ## - CATALOGING SOURCE | |
| Original cataloging agency | ABA001 |
| Language of cataloging | cze |
| Transcribing agency | ABA001 |
| Modifying agency | ABA001 |
| 100 1# - MAIN ENTRY--PERSONAL NAME | |
| Personal name | Kováč, Bohuš, |
| Dates associated with a name | 1936-2006 |
| Relationship | edt |
| 245 10 - TITLE STATEMENT | |
| Title | Čo šepká zem : |
| Remainder of title | Antológia slovenskej poézie prvej polovice 20. storočí / |
| Statement of responsibility, etc. | Zost. Bohuš Kováč |
| 250 ## - EDITION STATEMENT | |
| Edition statement | 1. vyd. |
| 260 ## - PUBLICATION, DISTRIBUTION, ETC. | |
| Place of publication, distribution, etc. | Bratislava : |
| Name of publisher, distributor, etc. | Tatran, |
| Date of publication, distribution, etc. | 1976 |
| 300 ## - PHYSICAL DESCRIPTION | |
| Extent | 477 s. ; |
| Dimensions | 8° |
| 490 1# - SERIES STATEMENT | |
| Series statement | Hviezdoslavova knižnica ; |
| Volume/sequential designation | Zv. 243 |
| 500 ## - GENERAL NOTE | |
| General note | Rus. a angl. souhrny |
| 830 #0 - SERIES ADDED ENTRY--UNIFORM TITLE | |
| Uniform title | Hviezdoslavova knižnica |
| 910 ## - USER-OPTION DATA (OCLC) | |
| User-option data | ABA001 |
| 942 ## - ADDED ENTRY ELEMENTS (KOHA) | |
| Source of classification or shelving scheme | Dewey Decimal Classification |
| Koha item type | Krásna literatúra pre dospelých |
| Suppress in OPAC | No |
| Stav vyradenia | Strata | Poškodenie | Spôsob nadobudnutia | Domovská knižnica | Aktuálna knižnica | Dátum nadobudnutia | Total checkouts | Čiarový kód exemplára | Date last seen | Typ exemplára |
|---|---|---|---|---|---|---|---|---|---|---|
| Dar | Obecná knižnica Horná Štubňa | Obecná knižnica Horná Štubňa | 23.02.2026 | 4736201449 | 23.02.2026 | Krásna literatúra pre dospelých |
